| 000 | 00801cab a2200253 4500 | ||
|---|---|---|---|
| 001 | WB3208-23 | ||
| 008 | 090401t1996 xxu||||| |||| 00| 0 eng d | ||
| 035 | _a(Sirsi) u34457 | ||
| 041 | _aeng | ||
| 100 | _aRoyle, D. | ||
| 245 | _aInsurance valuations | ||
| 260 | _c1996 | ||
| 350 | _a0 | ||
| 490 |
_aAntiques Trade Gazette _v(1226) 24 February 1996, 3(1) |
||
| 520 | _aDiscusses valuation practice for fine art items, exploring such terms as New Replacement Value (NRV), Secondhand Replacement Value (SRV) and Facsimile Value (FV). | ||
| 650 | _aFACSIMILE VALUE | ||
| 650 | _aINSURANCE VALUATIONS | ||
| 650 | _aNEW REPLACEMENT VALUE | ||
| 650 | _aSECONDHAND REPLACEMENT VALUE | ||
| 690 |
_aArts and antiques _96217 |
||
| 690 |
_aInsurance _96249 |
||
| 942 | _n0 | ||
| 948 | _c04/03/1997 | ||
| 999 |
_c22821 _d22821 |
||